[Event "World Prestigious University 2019"]
[Site "Tianjin"]
[Date "2019.11.29"]
[Round "11.3"]
[White "Lu, Hongyi"]
[Black "Zhou, Qiyu"]
[Result "1-0"]
[WhiteElo "1862"]
[BlackElo "2216"]
[PlyCount "129"]
[EventDate "2019.11.26"]
[EventType "team-tourn"]
[EventCountry "CHN"]
[TimeControl "1500+10"]
[WhiteClock "0:01:17"]
[BlackClock "0:01:14"]

1. e4 {[%emt 0:00:00]} e5 {[%emt 0:00:00]} 2. Nf3 {[%emt 0:00:00]} Nc6 {[%emt 0:00:00]} 3. Bb5 {[%emt 0:00:00]} a6 {[%emt 0:00:00]} 4. Ba4 {[%emt 0:00:00]} Nf6 {[%emt 0:00:00]} 5. O-O {[%emt 0:00:03]} Be7 {[%emt 0:00:05]} 6. Re1 {[%emt 0:00:11]} b5 {[%emt 0:00:02]} 7. Bb3 {[%emt 0:00:02]} d6 {[%emt 0:00:02]} 8. c3 {[%emt 0:00:25]} O-O {[%emt 0:00:04]} 9. h3 {[%emt 0:00:02]} Nb8 {[%emt 0:00:13]} 10. d4 {[%emt 0:00:29]} Nbd7 {[%emt 0:00:01]} 11. Nbd2 {[%emt 0:00:23]} Bb7 {[%emt 0:00:03]} 12. Bc2 {[%emt 0:01:06]} Re8 {[%emt 0:00:11]} 13. Nf1 {[%emt 0:00:13]} Bf8 {[%emt 0:00:03]} 14. Ng3 {[%emt 0:00:45]} g6 {[%emt 0:00:02]} 15. Bg5 {[%emt 0:03:30]} Bg7 {[%emt 0:00:10]} 16. Qd2 {[%emt 0:00:20]} Nf8 {[%emt 0:00:51]} 17. d5 {[%emt 0:01:12]} Qd7 {[%emt 0:01:30]} 18. b3 {[%emt 0:02:00]} c6 {[%emt 0:00:03]} 19. c4 {[%emt 0:00:32]} Rac8 {[%emt 0:00:10]} 20. Rac1 {[%emt 0:00:49]} Qe7 {[%emt 0:01:38]} 21. h4 {[%emt 0:03:12]} Qd7 {[%emt 0:01:30]} 22. Red1 {[%emt 0:00:16]} Ng4 {[%emt 0:00:57]} 23. Bd3 {[%emt 0:03:46]} h6 {[%emt 0:07:45]} 24. Be3 {[%emt 0:00:04]} Qe7 {[%emt 0:03:47]} 25. Be2 {[%emt 0:00:32]} Red8 {[%emt 0:02:30]} 26. a4 {[%emt 0:02:09]} bxc4 {[%emt 0:00:48]} 27. bxc4 {[%emt 0:00:12]} cxd5 {[%emt 0:00:51]} 28. cxd5 {[%emt 0:01:13]} Nxe3 {[%emt 0:00:40]} 29. Qxe3 {[%emt 0:00:05]} Nd7 {[%emt 0:00:30]} 30. h5 {[%emt 0:02:46]} Nc5 {[%emt 0:00:13]} 31. a5 {[%emt 0:00:11]} Rc7 {[%emt 0:00:53]} 32. Rc2 {[%emt 0:00:23]} Rdc8 {[%emt 0:00:26]} 33. Rdc1 {[%emt 0:00:05]} Qd7 {[%emt 0:00:13]} 34. Qa3 {[%emt 0:02:39]} f5 {[%emt 0:00:56]} 35. hxg6 {[%emt 0:00:53]} fxe4 {[%emt 0:00:15]} 36. Nh4 {[%emt 0:00:12]} Bxd5 {[%emt 0:00:09]} 37. Nhf5 {[%emt 0:00:16]} Be6 {[%emt 0:00:07]} 38. Bg4 {[%emt 0:00:11]} Rb8 {[%emt 0:01:59]} 39. Qe3 {[%emt 0:00:10]} Rb3 {[%emt 0:00:34]} 40. Rc3 {[%emt 0:00:01]} Rxc3 {[%emt 0:00:06]} 41. Rxc3 {[%emt 0:00:04]} h5 {[%emt 0:00:37]} 42. Nxg7 {[%emt 0:00:06]} Qxg7 {[%emt 0:00:48]} 43. Bxh5 {[%emt 0:00:24]} Rb7 {[%emt 0:00:10]} 44. Nxe4 {[%emt 0:00:10]} Rb1+ {[%emt 0:00:03]} 45. Kh2 {[%emt 0:00:06]} Qh8 {[%emt 0:00:06]} 46. Ng3 {[%emt 0:00:06]} Rb4 {[%emt 0:00:25]} 47. Qg5 {[%emt 0:00:03]} Qg7 {[%emt 0:00:11]} 48. Rf3 {[%emt 0:00:08]} Rb8 {[%emt 0:00:04]} 49. Bg4 {[%emt 0:00:29]} Bd5 {[%emt 0:00:03]} 50. Rc3 {[%emt 0:00:11]} Qh8+ {[%emt 0:00:10]} 51. Bh5 {[%emt 0:00:08]} Qg7 {[%emt 0:00:06]} 52. Nf5 {[%emt 0:00:05]} Ne4 {[%emt 0:00:19]} 53. Qh4 {[%emt 0:00:13]} Qf6 {[%emt 0:00:13]} 54. Qxf6 Nxf6 {[%emt 0:00:01]} 55. Be2 {[%emt 0:00:28]} Be4 {[%emt 0:00:12]} 56. Nxd6 {[%emt 0:00:04]} Bxg6 {[%emt 0:00:01]} 57. Bxa6 {[%emt 0:00:06]} Ra8 {[%emt 0:00:09]} 58. Rc8+ {[%emt 0:00:05]} Rxc8 {[%emt 0:00:01]} 59. Bxc8 {[%emt 0:00:02]} Kf8 {[%emt 0:00:04]} 60. a6 {[%emt 0:00:02]} Nd5 {[%emt 0:00:05]} 61. a7 {[%emt 0:00:03]} Nc7 {[%emt 0:00:08]} 62. Bb7 {[%emt 0:00:03]} Be8 {[%emt 0:00:08]} 63. Nxe8 {[%emt 0:00:07]} Kxe8 {[%emt 0:00:01]} 64. a8=Q+ {[%emt 0:00:03]} Nxa8 {[%emt 0:00:01]} 65. Bxa8 {[%emt 0:00:02]} 1-0

[Event "World Prestigious University 2019"]
[Site "Tianjin"]
[Date "2019.11.29"]
[Round "11.4"]
[White "Kukhmazov, Arsen"]
[Black "Isakov, Michael"]
[Result "1/2-1/2"]
[WhiteElo "2377"]
[BlackElo "2162"]
[PlyCount "91"]
[EventDate "2019.11.26"]
[EventType "team-tourn"]
[EventCountry "CHN"]
[TimeControl "1500+10"]
[WhiteClock "0:03:35"]
[BlackClock "0:00:19"]

1. d4 {[%emt 0:00:00]} d5 {[%emt 0:00:00]} 2. c4 {[%emt 0:00:00]} e6 {[%emt 0:00:00]} 3. Nf3 {[%emt 0:00:00]} Nf6 {[%emt 0:00:00]} 4. g3 {[%emt 0:00:00]} Be7 {[%emt 0:00:00]} 5. Bg2 {[%emt 0:00:00]} O-O {[%emt 0:00:00]} 6. O-O {[%emt 0:00:00]} Nbd7 {[%emt 0:00:08]} 7. Qc2 {[%emt 0:02:36]} c6 {[%emt 0:00:40]} 8. Nbd2 {[%emt 0:00:11]} b6 {[%emt 0:00:35]} 9. e4 {[%emt 0:00:02]} dxc4 {[%emt 0:00:08]} 10. Nxc4 {[%emt 0:00:39]} Ba6 {[%emt 0:00:14]} 11. Rd1 {[%emt 0:01:20]} c5 {[%emt 0:00:21]} 12. d5 {[%emt 0:00:41]} exd5 {[%emt 0:00:04]} 13. exd5 {[%emt 0:00:00]} Bxc4 {[%emt 0:00:02]} 14. Qxc4 {[%emt 0:00:01]} Bd6 {[%emt 0:00:03]} 15. Bf4 {[%emt 0:03:26]} Qb8 {[%emt 0:01:32]} 16. Bxd6 {[%emt 0:00:02]} Qxd6 {[%emt 0:00:02]} 17. Qa6 {[%emt 0:00:00]} Ne4 {[%emt 0:06:47]} 18. Nh4 {[%emt 0:01:36]} Rfe8 {[%emt 0:03:48]} 19. Re1 {[%emt 0:01:14]} Ndf6 {[%emt 0:01:40]} 20. Qd3 {[%emt 0:11:25]} g5 {[%emt 0:01:09]} 21. Bxe4 {[%emt 0:00:42]} gxh4 {[%emt 0:00:01]} 22. Bf3 {[%emt 0:00:08]} hxg3 {[%emt 0:02:06]} 23. hxg3 {[%emt 0:00:01]} Re5 {[%emt 0:00:22]} 24. Rxe5 {[%emt 0:00:15]} Qxe5 {[%emt 0:00:01]} 25. d6 {[%emt 0:02:54]} Rd8 {[%emt 0:00:08]} 26. Rd1 {[%emt 0:00:00]} c4 {[%emt 0:04:38]} 27. Qxc4 {[%emt 0:00:11]} Rxd6 {[%emt 0:00:09]} 28. Rxd6 Qxd6 {[%emt 0:00:02]} 29. Kg2 {[%emt 0:00:12]} Qe5 {[%emt 0:01:02]} 30. b4 {[%emt 0:00:06]} a5 {[%emt 0:00:22]} 31. b5 {[%emt 0:00:37]} Kg7 {[%emt 0:00:02]} 32. Bc6 {[%emt 0:00:25]} h5 {[%emt 0:00:35]} 33. Bf3 {[%emt 0:00:36]} Kg6 {[%emt 0:00:11]} 34. a4 {[%emt 0:00:00]} Kg7 {[%emt 0:00:02]} 35. Qd3 {[%emt 0:00:24]} Qc5 {[%emt 0:00:22]} 36. Qd2 {[%emt 0:00:18]} Qe5 {[%emt 0:00:08]} 37. Qd8 {[%emt 0:00:29]} Qc5 {[%emt 0:00:02]} 38. Qd3 {[%emt 0:00:10]} Qe5 {[%emt 0:00:06]} 39. Qd2 {[%emt 0:00:13]} Qc5 {[%emt 0:00:05]} 40. Qf4 {[%emt 0:00:02]} Kg6 {[%emt 0:00:18]} 41. Bc6 {[%emt 0:00:10]} Kg7 {[%emt 0:00:19]} 42. Bf3 {[%emt 0:00:31]} Kg6 {[%emt 0:00:05]} 43. Bc6 {[%emt 0:00:01]} Kg7 {[%emt 0:00:01]} 44. Kf1 {[%emt 0:00:26]} Ng4 {[%emt 0:00:26]} 45. Kg2 {[%emt 0:00:10]} Nf6 {[%emt 0:00:09]} 46. Bf3 {[%emt 0:00:07]} 1/2-1/2

[Event "World Prestigious University 2019"]
[Site "Tianjin"]
[Date "2019.11.29"]
[Round "11.5"]
[White "Lu, Andrew H"]
[Black "Tarasov, Alexandr"]
[Result "1/2-1/2"]
[WhiteElo "2071"]
[BlackElo "2348"]
[PlyCount "61"]
[EventDate "2019.11.26"]
[EventType "team-tourn"]
[EventCountry "CHN"]
[TimeControl "1500+10"]
[WhiteClock "0:09:20"]
[BlackClock "0:11:16"]

1. d4 {[%emt 0:00:00]} e6 {[%emt 0:00:00]} 2. Nf3 {[%emt 0:00:00]} c5 {[%emt 0:00:06]} 3. e4 {[%emt 0:00:00]} cxd4 {[%emt 0:00:13]} 4. Nxd4 {[%emt 0:00:00]} Nc6 {[%emt 0:00:01]} 5. Nb5 {[%emt 0:00:17]} Nf6 {[%emt 0:01:28]} 6. N1c3 {[%emt 0:00:04]} Bb4 {[%emt 0:00:08]} 7. a3 {[%emt 0:00:02]} Bxc3+ {[%emt 0:00:13]} 8. Nxc3 {[%emt 0:00:01]} d5 {[%emt 0:00:28]} 9. exd5 {[%emt 0:00:03]} Nxd5 {[%emt 0:00:55]} 10. Nxd5 {[%emt 0:00:16]} exd5 {[%emt 0:00:10]} 11. Bd3 {[%emt 0:00:19]} Qf6 {[%emt 0:02:22]} 12. O-O {[%emt 0:00:17]} Be6 {[%emt 0:00:18]} 13. Qh5 {[%emt 0:01:31]} h6 {[%emt 0:00:13]} 14. Bd2 {[%emt 0:00:55]} O-O {[%emt 0:00:17]} 15. Rfe1 {[%emt 0:01:40]} d4 {[%emt 0:01:57]} 16. b4 {[%emt 0:03:22]} Rad8 {[%emt 0:01:59]} 17. Be4 {[%emt 0:02:37]} Rfe8 {[%emt 0:00:31]} 18. h4 {[%emt 0:00:26]} Ne5 {[%emt 0:04:07]} 19. Qxe5 {[%emt 0:01:24]} Qxe5 {[%emt 0:00:04]} 20. Bh7+ {[%emt 0:00:01]} Kxh7 {[%emt 0:00:02]} 21. Rxe5 {[%emt 0:00:00]} Rc8 {[%emt 0:00:46]} 22. Rc1 {[%emt 0:00:46]} Rc4 {[%emt 0:01:04]} 23. Rc5 {[%emt 0:03:00]} Rxc5 {[%emt 0:01:00]} 24. bxc5 {[%emt 0:00:01]} Rc8 {[%emt 0:00:04]} 25. Bb4 {[%emt 0:00:28]} a5 {[%emt 0:00:09]} 26. Bxa5 {[%emt 0:00:02]} Rxc5 {[%emt 0:00:03]} 27. Bb6 {[%emt 0:00:33]} Rc4 {[%emt 0:00:17]} 28. Rd1 {[%emt 0:00:08]} Rxc2 {[%emt 0:01:08]} 29. Bxd4 {[%emt 0:00:11]} b5 {[%emt 0:00:16]} 30. Rb1 {[%emt 0:00:18]} Rc4 {[%emt 0:00:21]} 31. Rb4 {[%emt 0:00:12]} 1/2-1/2

[Event "World Prestigious University 2019"]
[Site "Tianjin"]
[Date "2019.11.29"]
[Round "11.6"]
[White "Bogachkova, Alena"]
[Black "Papanek, Ella"]
[Result "1/2-1/2"]
[WhiteElo "2080"]
[BlackElo "1777"]
[PlyCount "66"]
[EventDate "2019.11.26"]
[EventType "team-tourn"]
[EventCountry "CHN"]
[TimeControl "1500+10"]
[WhiteClock "0:00:44"]
[BlackClock "0:00:25"]

1. e4 {[%emt 0:00:00]} c5 {[%emt 0:00:00]} 2. Nf3 {[%emt 0:00:00]} e6 {[%emt 0:00:00]} 3. d4 {[%emt 0:00:00]} cxd4 {[%emt 0:00:00]} 4. Nxd4 {[%emt 0:00:00]} a6 {[%emt 0:00:00]} 5. Bd3 {[%emt 0:00:00]} Qc7 {[%emt 0:00:00]} 6. O-O {[%emt 0:00:04]} Nc6 {[%emt 0:00:25]} 7. Nxc6 {[%emt 0:00:03]} bxc6 {[%emt 0:00:02]} 8. c4 {[%emt 0:00:06]} Bb7 {[%emt 0:00:08]} 9. Nc3 {[%emt 0:00:05]} Ne7 {[%emt 0:00:35]} 10. b3 {[%emt 0:03:28]} Ng6 {[%emt 0:01:10]} 11. Bb2 {[%emt 0:02:09]} f6 {[%emt 0:01:03]} 12. Re1 {[%emt 0:01:03]} Bd6 {[%emt 0:00:35]} 13. g3 {[%emt 0:01:52]} h5 {[%emt 0:01:31]} 14. Be2 {[%emt 0:04:45]} O-O-O {[%emt 0:13:50]} 15. Bxh5 {[%emt 0:06:23]} Ne5 {[%emt 0:00:02]} 16. f4 {[%emt 0:00:27]} Bc5+ {[%emt 0:00:22]} 17. Kg2 {[%emt 0:00:14]} Nd3 {[%emt 0:02:32]} 18. Qxd3 {[%emt 0:00:33]} Rxh5 {[%emt 0:00:02]} 19. Na4 {[%emt 0:00:15]} Ba7 {[%emt 0:00:39]} 20. c5 {[%emt 0:02:04]} Rdh8 {[%emt 0:00:02]} 21. h4 {[%emt 0:00:18]} Bxc5 {[%emt 0:00:40]} 22. Nxc5 {[%emt 0:00:02]} Rxc5 {[%emt 0:00:02]} 23. Rad1 {[%emt 0:02:31]} d5 {[%emt 0:01:34]} 24. e5 {[%emt 0:00:10]} f5 {[%emt 0:01:45]} 25. a4 {[%emt 0:00:12]} d4 {[%emt 0:00:28]} 26. b4 {[%emt 0:01:12]} Rd5 {[%emt 0:00:12]} 27. Kf2 {[%emt 0:00:06]} Qb6 {[%emt 0:00:14]} 28. Bxd4 {[%emt 0:00:42]} Qxb4 {[%emt 0:00:28]} 29. Qc3 {[%emt 0:00:28]} Qxa4 {[%emt 0:00:41]} 30. Rd2 {[%emt 0:00:18]} Rhd8 {[%emt 0:00:08]} 31. Red1 {[%emt 0:00:04]} Qa5 {[%emt 0:00:31]} 32. Qb2 {[%emt 0:00:27]} Qb5 {[%emt 0:00:04]} 33. Qc3 {[%emt 0:00:04]} Qa5 {[%emt 0:00:01]} 1/2-1/2

[Event "World Prestigious University 2019"]
[Site "Tianjin"]
[Date "2019.11.29"]
[Round "11.7"]
[White "Green, Michael L"]
[Black "Theodorou, Nikolas"]
[Result "0-1"]
[WhiteElo "2073"]
[BlackElo "2555"]
[PlyCount "50"]
[EventDate "2019.11.26"]
[EventType "team-tourn"]
[EventCountry "CHN"]
[TimeControl "1500+10"]
[WhiteClock "0:16:14"]
[BlackClock "0:09:05"]

1. Nf3 {[%emt 0:00:00]} Nf6 {[%emt 0:00:50]} 2. c4 {[%emt 0:00:00]} g6 {[%emt 0:00:09]} 3. Nc3 {[%emt 0:00:00]} Bg7 {[%emt 0:00:02]} 4. e4 {[%emt 0:00:03]} d6 {[%emt 0:00:01]} 5. Be2 {[%emt 0:00:04]} O-O {[%emt 0:00:07]} 6. h3 {[%emt 0:00:01]} c6 {[%emt 0:00:19]} 7. d3 {[%emt 0:00:05]} e5 {[%emt 0:00:36]} 8. O-O {[%emt 0:00:12]} a5 {[%emt 0:00:05]} 9. Be3 {[%emt 0:00:22]} Re8 {[%emt 0:01:31]} 10. a3 {[%emt 0:00:01]} h6 {[%emt 0:00:13]} 11. Qd2 {[%emt 0:00:49]} Kh7 {[%emt 0:00:05]} 12. Rab1 {[%emt 0:00:17]} d5 {[%emt 0:00:29]} 13. exd5 {[%emt 0:00:32]} cxd5 {[%emt 0:00:02]} 14. d4 {[%emt 0:00:03]} exd4 {[%emt 0:00:34]} 15. Nxd4 {[%emt 0:00:47]} dxc4 {[%emt 0:02:39]} 16. Bxc4 {[%emt 0:00:15]} Ne4 {[%emt 0:00:02]} 17. Nxe4 {[%emt 0:00:20]} Rxe4 {[%emt 0:00:03]} 18. Rfd1 {[%emt 0:03:32]} Bxd4 {[%emt 0:03:18]} 19. Bxd4 {[%emt 0:02:22]} Nc6 {[%emt 0:00:20]} 20. Bb6 {[%emt 0:09:08]} Qxd2 {[%emt 0:00:36]} 21. Rxd2 {[%emt 0:00:02]} Rxc4 {[%emt 0:00:03]} 22. b4 {[%emt 0:00:23]} axb4 {[%emt 0:00:10]} 23. axb4 {[%emt 0:00:01]} Bf5 {[%emt 0:00:22]} 24. Rbd1 {[%emt 0:00:44]} Rxb4 {[%emt 0:00:07]} 25. Bc5 {[%emt 0:00:02]} Rc4 {[%emt 0:00:13]} 0-1

[Event "World Prestigious University 2019"]
[Site "Tianjin"]
[Date "2019.11.29"]
[Round "11.8"]
[White "Chandra, Akshat"]
[Black "Zhong, Wei"]
[Result "1-0"]
[WhiteElo "2524"]
[BlackElo "1804"]
[PlyCount "61"]
[EventDate "2019.11.26"]
[EventType "team-tourn"]
[EventCountry "CHN"]
[TimeControl "1500+10"]
[WhiteClock "0:00:33"]
[BlackClock "0:10:24"]

1. Nc3 {[%emt 0:00:23]} d5 {[%emt 0:00:31]} 2. e4 {[%emt 0:00:05]} e6 {[%emt 0:00:42]} 3. d4 {[%emt 0:00:11]} Nf6 {[%emt 0:00:42]} 4. Bg5 {[%emt 0:00:03]} dxe4 {[%emt 0:00:24]} 5. Nxe4 {[%emt 0:00:07]} Be7 {[%emt 0:00:40]} 6. Bxf6 {[%emt 0:00:05]} Bxf6 {[%emt 0:00:06]} 7. Nf3 {[%emt 0:00:07]} O-O {[%emt 0:01:08]} 8. c3 {[%emt 0:01:29]} Nd7 {[%emt 0:02:50]} 9. Bd3 {[%emt 0:00:03]} b6 {[%emt 0:00:14]} 10. Qe2 {[%emt 0:00:03]} Bb7 {[%emt 0:00:31]} 11. O-O-O {[%emt 0:00:08]} Qe7 {[%emt 0:01:25]} 12. g4 {[%emt 0:00:16]} g6 {[%emt 0:03:13]} 13. h4 {[%emt 0:00:40]} c5 {[%emt 0:00:34]} 14. g5 {[%emt 0:02:39]} Bg7 {[%emt 0:02:03]} 15. h5 {[%emt 0:00:02]} cxd4 {[%emt 0:01:04]} 16. cxd4 {[%emt 0:00:10]} Qb4 {[%emt 0:01:28]} 17. Kb1 {[%emt 0:00:20]} Bd5 {[%emt 0:00:55]} 18. Nc3 {[%emt 0:04:39]} Bxf3 {[%emt 0:06:08]} 19. Qxf3 {[%emt 0:00:03]} Bxd4 {[%emt 0:00:26]} 20. a3 {[%emt 0:03:50]} Qb3 {[%emt 0:02:09]} 21. Bc2 {[%emt 0:01:13]} Qc4 {[%emt 0:00:08]} 22. Qe4 {[%emt 0:01:36]} e5 {[%emt 0:00:10]} 23. hxg6 {[%emt 0:00:04]} fxg6 {[%emt 0:00:40]} 24. Rxh7 {[%emt 0:00:22]} Rf5 {[%emt 0:00:32]} 25. Qxa8+ {[%emt 0:00:46]} Kxh7 {[%emt 0:00:12]} 26. Rh1+ {[%emt 0:00:02]} Kg7 {[%emt 0:00:02]} 27. Qh8+ {[%emt 0:00:03]} Kf7 {[%emt 0:00:04]} 28. Rh7+ {[%emt 0:00:03]} Ke6 {[%emt 0:00:09]} 29. Qe8+ {[%emt 0:00:09]} Kd6 {[%emt 0:00:14]} 30. Qxd7+ {[%emt 0:00:03]} Kc5 {[%emt 0:00:03]} 31. Ne4# {[%emt 0:00:02]} 1-0

[Event "World Prestigious University 2019"]
[Site "Tianjin"]
[Date "2019.11.29"]
[Round "11.9"]
[White "Serbanescu, Diana-Maria"]
[Black "Derakhshani, Dorsa"]
[Result "0-1"]
[WhiteElo "1990"]
[BlackElo "2277"]
[PlyCount "110"]
[EventDate "2019.11.26"]
[EventType "team-tourn"]
[EventCountry "CHN"]
[TimeControl "1500+10"]
[WhiteClock "0:01:28"]
[BlackClock "0:01:20"]

1. e4 {[%emt 0:00:00]} e5 {[%emt 0:00:00]} 2. Nf3 {[%emt 0:00:00]} Nc6 {[%emt 0:00:00]} 3. Bc4 {[%emt 0:00:01]} Bc5 {[%emt 0:00:04]} 4. c3 {[%emt 0:00:03]} Nf6 {[%emt 0:00:07]} 5. d3 {[%emt 0:00:02]} a6 {[%emt 0:00:18]} 6. a4 {[%emt 0:00:18]} d6 {[%emt 0:00:11]} 7. O-O {[%emt 0:00:15]} Ba7 {[%emt 0:00:22]} 8. h3 {[%emt 0:01:07]} Ne7 {[%emt 0:01:46]} 9. Bg5 {[%emt 0:03:26]} Ng6 {[%emt 0:01:20]} 10. Qb3 {[%emt 0:02:02]} O-O {[%emt 0:01:13]} 11. Nh4 {[%emt 0:03:39]} Nxh4 {[%emt 0:02:05]} 12. Bxh4 {[%emt 0:00:02]} h6 {[%emt 0:01:43]} 13. Qd1 {[%emt 0:01:50]} c6 {[%emt 0:02:14]} 14. Nd2 {[%emt 0:01:37]} g5 {[%emt 0:03:34]} 15. Bg3 {[%emt 0:00:03]} Be6 {[%emt 0:00:18]} 16. Kh2 {[%emt 0:02:25]} h5 {[%emt 0:02:22]} 17. f3 {[%emt 0:01:09]} h4 {[%emt 0:00:33]} 18. Bf2 {[%emt 0:00:02]} Bxf2 {[%emt 0:00:15]} 19. Rxf2 {[%emt 0:00:01]} Nh5 {[%emt 0:00:30]} 20. Nf1 {[%emt 0:01:31]} d5 {[%emt 0:01:15]} 21. Ba2 {[%emt 0:01:00]} Qf6 {[%emt 0:01:59]} 22. Qd2 {[%emt 0:00:53]} Rad8 {[%emt 0:00:42]} 23. exd5 {[%emt 0:01:28]} cxd5 {[%emt 0:00:10]} 24. d4 {[%emt 0:00:15]} Nf4 {[%emt 0:01:34]} 25. Re1 {[%emt 0:00:55]} e4 {[%emt 0:00:58]} 26. fxe4 {[%emt 0:01:13]} dxe4 {[%emt 0:00:00]} 27. Bxe6 {[%emt 0:00:04]} Qxe6 {[%emt 0:00:03]} 28. Rxf4 {[%emt 0:01:18]} gxf4 {[%emt 0:01:02]} 29. Qxf4 {[%emt 0:00:02]} f5 {[%emt 0:01:07]} 30. Qxh4 {[%emt 0:00:58]} Rd7 {[%emt 0:01:15]} 31. Qg5+ {[%emt 0:00:12]} Rg7 {[%emt 0:00:04]} 32. Qf4 {[%emt 0:00:01]} Qg6 {[%emt 0:00:09]} 33. Ne3 {[%emt 0:00:07]} Qg5 {[%emt 0:00:14]} 34. Rf1 {[%emt 0:00:16]} Kh7 {[%emt 0:00:43]} 35. Qxg5 {[%emt 0:00:34]} Rxg5 {[%emt 0:00:01]} 36. Rf4 {[%emt 0:00:01]} Kg7 {[%emt 0:00:26]} 37. Kg1 {[%emt 0:00:02]} Rf6 {[%emt 0:00:05]} 38. Kf2 {[%emt 0:00:03]} Kf7 {[%emt 0:00:04]} 39. c4 {[%emt 0:00:34]} Ke6 {[%emt 0:00:05]} 40. b4 {[%emt 0:00:29]} Rf7 {[%emt 0:00:32]} 41. c5 {[%emt 0:00:12]} Rd7 {[%emt 0:00:06]} 42. d5+ {[%emt 0:00:14]} Ke5 {[%emt 0:00:01]} 43. Rxf5+ {[%emt 0:01:13]} Rxf5+ {[%emt 0:00:05]} 44. Nxf5 {[%emt 0:00:01]} Kxf5 {[%emt 0:00:03]} 45. g4+ {[%emt 0:00:03]} Kf4 {[%emt 0:00:02]} 46. d6 {[%emt 0:00:01]} e3+ {[%emt 0:00:07]} 47. Ke2 {[%emt 0:00:01]} Ke4 {[%emt 0:00:04]} 48. h4 {[%emt 0:00:21]} Rf7 {[%emt 0:00:01]} 49. b5 {[%emt 0:00:12]} axb5 {[%emt 0:00:05]} 50. axb5 {[%emt 0:00:01]} Rf2+ {[%emt 0:00:01]} 51. Ke1 {[%emt 0:00:06]} Rd2 {[%emt 0:00:18]} 52. g5 {[%emt 0:00:11]} Kf3 {[%emt 0:00:03]} 53. g6 {[%emt 0:00:06]} Rg2 {[%emt 0:00:13]} 54. Kd1 {[%emt 0:00:03]} e2+ {[%emt 0:00:02]} 55. Kd2 {[%emt 0:00:07]} Rg1 {[%emt 0:00:08]} 0-1

[Event "World Prestigious University 2019"]
[Site "Tianjin"]
[Date "2019.11.29"]
[Round "11.10"]
[White "Wang, Yue"]
[Black "Fernandez, Daniel Howard"]
[Result "1-0"]
[WhiteElo "2674"]
[BlackElo "2444"]
[PlyCount "51"]
[EventDate "2019.11.26"]
[EventType "team-tourn"]
[EventCountry "CHN"]
[TimeControl "1500+10"]
[WhiteClock "0:07:45"]
[BlackClock "0:15:09"]

1. d4 {[%emt 0:00:00]} Nf6 {[%emt 0:00:00]} 2. c4 {[%emt 0:00:00]} g6 {[%emt 0:00:07]} 3. Nc3 {[%emt 0:00:10]} Bg7 {[%emt 0:00:02]} 4. e4 {[%emt 0:00:12]} d6 {[%emt 0:00:01]} 5. h3 {[%emt 0:00:04]} O-O {[%emt 0:00:07]} 6. Nf3 {[%emt 0:00:02]} e5 {[%emt 0:00:02]} 7. d5 {[%emt 0:00:29]} Nh5 {[%emt 0:00:08]} 8. g3 {[%emt 0:00:03]} Na6 {[%emt 0:00:04]} 9. Be3 {[%emt 0:02:38]} f5 {[%emt 0:00:21]} 10. exf5 {[%emt 0:00:05]} gxf5 {[%emt 0:00:02]} 11. Ng5 {[%emt 0:00:28]} Nf6 {[%emt 0:00:15]} 12. Qd2 {[%emt 0:00:45]} Nc5 {[%emt 0:02:40]} 13. O-O-O {[%emt 0:00:07]} Bd7 {[%emt 0:02:12]} 14. Be2 {[%emt 0:03:20]} Nfe4 {[%emt 0:03:42]} 15. Ngxe4 {[%emt 0:00:24]} Nxe4 {[%emt 0:00:31]} 16. Nxe4 {[%emt 0:00:02]} fxe4 {[%emt 0:00:03]} 17. Bg4 {[%emt 0:02:10]} Bf5 {[%emt 0:04:27]} 18. Bxf5 {[%emt 0:00:25]} Rxf5 {[%emt 0:00:02]} 19. Qc2 {[%emt 0:00:03]} b5 {[%emt 0:02:51]} 20. cxb5 {[%emt 0:00:53]} Qd7 {[%emt 0:00:29]} 21. Qc6 {[%emt 0:00:30]} Qc8 {[%emt 0:01:32]} 22. Kb1 {[%emt 0:00:11]} a6 {[%emt 0:00:05]} 23. Rc1 {[%emt 0:00:40]} Rf7 {[%emt 0:00:22]} 24. b6 {[%emt 0:00:05]} Rb8 {[%emt 0:00:58]} 25. bxc7 {[%emt 0:00:06]} Rb7 {[%emt 0:00:22]} 26. Qxb7 {[%emt 0:00:19]} 1-0

[Event "World Prestigious University 2019"]
[Site "Tianjin"]
[Date "2019.11.29"]
[Round "11.11"]
[White "Behar, Joshua"]
[Black "Li, Yankai"]
[Result "1/2-1/2"]
[WhiteElo "1974"]
[BlackElo "2432"]
[PlyCount "41"]
[EventDate "2019.11.26"]
[EventType "team-tourn"]
[EventCountry "CHN"]
[TimeControl "1500+10"]
[WhiteClock "0:11:30"]
[BlackClock "0:21:32"]

1. e4 {[%emt 0:00:00]} c5 {[%emt 0:00:00]} 2. Nf3 {[%emt 0:00:00]} d6 {[%emt 0:00:00]} 3. c3 {[%emt 0:00:00]} Nf6 {[%emt 0:00:01]} 4. h3 {[%emt 0:00:04]} Bd7 {[%emt 0:00:35]} 5. Bd3 {[%emt 0:00:05]} e6 {[%emt 0:04:17]} 6. Bc2 {[%emt 0:00:24]} Bc6 {[%emt 0:00:45]} 7. Qe2 {[%emt 0:00:09]} Be7 {[%emt 0:00:02]} 8. O-O {[%emt 0:00:05]} O-O {[%emt 0:00:26]} 9. d4 {[%emt 0:00:06]} cxd4 {[%emt 0:00:01]} 10. cxd4 {[%emt 0:00:02]} d5 {[%emt 0:00:30]} 11. e5 {[%emt 0:00:09]} Ne4 {[%emt 0:00:01]} 12. Nc3 {[%emt 0:00:16]} Nxc3 {[%emt 0:00:57]} 13. bxc3 {[%emt 0:00:03]} Qa5 {[%emt 0:00:01]} 14. Bg5 {[%emt 0:00:51]} Qd8 {[%emt 0:06:01]} 15. h4 {[%emt 0:00:40]} g6 {[%emt 0:01:18]} 16. Bh6 {[%emt 0:02:05]} Re8 {[%emt 0:00:36]} 17. h5 {[%emt 0:01:36]} Bf8 {[%emt 0:01:15]} 18. Bg5 {[%emt 0:00:07]} Be7 {[%emt 0:00:02]} 19. Bh6 {[%emt 0:00:05]} Bf8 {[%emt 0:00:01]} 20. Bg5 {[%emt 0:00:01]} Be7 {[%emt 0:00:01]} 21. Bh6 {[%emt 0:00:02]} 1/2-1/2

[Event "World Prestigious University 2019"]
[Site "Tianjin"]
[Date "2019.11.29"]
[Round "11.13"]
[White "Bibby, Simon"]
[Black "Grigory, Oparin"]
[Result "0-1"]
[WhiteElo "2167"]
[BlackElo "2660"]
[PlyCount "52"]
[EventDate "2019.11.26"]
[EventType "team-tourn"]
[EventCountry "CHN"]
[TimeControl "1500+10"]
[WhiteClock "0:04:49"]
[BlackClock "0:11:06"]

1. d4 {[%emt 0:00:00]} Nf6 {[%emt 0:00:00]} 2. Bg5 {[%emt 0:00:00]} e6 {[%emt 0:00:00]} 3. e4 {[%emt 0:00:01]} h6 {[%emt 0:00:00]} 4. Bxf6 {[%emt 0:00:02]} Qxf6 {[%emt 0:00:00]} 5. c3 {[%emt 0:00:07]} b6 {[%emt 0:00:51]} 6. Bd3 {[%emt 0:00:14]} Bb7 {[%emt 0:00:02]} 7. Ne2 {[%emt 0:00:12]} c5 {[%emt 0:01:10]} 8. O-O {[%emt 0:00:15]} cxd4 {[%emt 0:00:24]} 9. cxd4 {[%emt 0:00:02]} Nc6 {[%emt 0:00:11]} 10. d5 {[%emt 0:01:44]} Ne5 {[%emt 0:00:18]} 11. dxe6 {[%emt 0:00:13]} fxe6 {[%emt 0:00:19]} 12. Nbc3 {[%emt 0:01:48]} Be7 {[%emt 0:02:06]} 13. h3 {[%emt 0:01:35]} O-O {[%emt 0:00:13]} 14. f4 {[%emt 0:00:20]} Bc5+ {[%emt 0:01:24]} 15. Kh1 {[%emt 0:04:04]} Ng6 16. Qd2 {[%emt 0:04:12]} Qh4 {[%emt 0:01:19]} 17. Kh2 {[%emt 0:00:00]} Bf2 18. Nd1 {[%emt 0:00:00]} Rxf4 {[%emt 0:10:32]} 19. g3 {[%emt 0:00:00]} Bxg3+ 20. Nxg3 {[%emt 0:00:00]} Raf8 21. Ne3 {[%emt 0:02:00]} Rf3 22. Nef5 {[%emt 0:00:45]} R8xf5 23. Nxf5 Rxh3+ {[%emt 0:05:13]} 24. Kg1 {[%emt 0:00:30]} Rh1+ {[%emt 0:00:07]} 25. Kg2 {[%emt 0:00:02]} Qh2+ {[%emt 0:00:19]} 26. Kf3 {[%emt 0:00:08]} Qxd2 {[%emt 0:00:03]} 0-1